IBM PC : Velký průvodce hardware. Z angl.orig /

Na minha lista:
Detalhes bibliográficos
Autor principal: Minasi, Mark (Author)
Formato: Livro
Idioma:tcheco
Publicado em: Praha : Grada, 1992
Colecção:"Nestůjte za dveřmi
Tags: Adicionar Tag
Sem tags, seja o primeiro a adicionar uma tag!

MARC

LEADER 00000nam a22000003a 4500
001 stu20904
005 20150617225753.6
008 921207s1992----cs------------------cze-d
020 |a 80-85424-94-0 
040 |a STU  |b slo 
041 0 |a cze 
044 |a cs 
080 |a 681.3.06 
100 1 |a Minasi, Mark  |4 aut 
245 1 |a IBM PC :  |b Velký průvodce hardware. Z angl.orig /  |c [aut.]Minasi,Mark 
260 |a Praha :  |b Grada,  |c 1992 
300 |a 576 s :  |b Obr.,tab.,grafy,register 
830 0 |a "Nestůjte za dveřmi 
996 |b CB1675  |c C*B1675  |l CCXX  |s P  |a 0  |w stu20904_0001 
996 |b CB1699  |c C*B1699  |l CCXIII  |s P  |a 0  |w stu20904_0002 
996 |b CB1710  |c C*B1710  |l CCV  |s P  |a 0  |w stu20904_0003